000
00308cas a2200133 4500
008
150519n eng u
022
_a
00121606
035
_a
(Sirsi) a190083
050
_a
Qh 301
245
_a
Developmental Biology
260
_a
New York
_b
Academic Press
310
_a
Quarterly
520
_a
999
_c
9700
_d
9700